Responses for Show #8718 - Wednesday, October 12, 2022

Cris Pannullo game 9.

Contestants

[<< previous game]

Fernando Villafuerte, a graduate student from Pasadena, California

Elizabeth Meisenzahl, a student from Lima, New York

Cris Pannullo, a customer success operations manager from Ocean City, New Jersey (whose 8-day cash winnings total $275,502)

[next game >>]

Jeopardy! Round responses

THE 17th CENTURY
HAIR
THEY MAKE THAT
WAIST UP, NECK DOWN
WORDS THAT SHOULD RHYME
IDINA MENZEL ACTS & SINGS
(Idina: Hi, I'm Idina Menzel; a song can bring a character to life and I'll have clues about some of the roles I've acted and sung.)
    $200 20
the Taj Mahal

Fernando
    $200 28
Goldilocks

Cris
    $200 29
3M

Fernando
    $200 27
the stomach

Cris
    $200 23
(Cris: What are [**] and [*]?)

novel & shovel

Cris
    $200 30
(Ken: We'd like to thank Idina Menzel for her help with that category.)

Wicked

Cris
    $400 19
St. Peter's Cathedral

Fernando
    $400 16
Rapunzel

Elizabeth
    $400 24
Maybelline

Elizabeth
    $400 26
plants (vegetation)

Fernando
    $400 4
pint & flint

Cris
    $400 25
"Let It Go"

Cris
    $600 8
(Fernando: What is the microscope?)

the telescope

ElizabethFernando
    $600 3
Medusa

Cris
    $600 18
(Fernando: What is Dow?)
...
(Ken: [*]'s in Delaware, yes.)

DuPont

CrisFernando
    $600 14
the kidneys

Cris
    $600 7
hanger & danger

Cris
    $600 22
Cinderella

Elizabeth
    $1,000 1
(Ken: [*], yes, Tasmania.)

(Abel) Tasman

Cris
    $800 10
Sikhism

Cris
    $800 12
(Fernando: What is Mars?)
(Elizabeth: What is Nestlé?)

Hershey

ElizabethFernando
Triple Stumper
    $800 13
antibodies

Fernando
    $800 6
camp & swamp

Fernando
    $800 21
(Cris: What is Madame Butterfly?)

La bohème

CrisElizabeth
    $1000 5
Molière

Cris
    $1000 9
(Cris: What is pompadour?)

a bouffant

Cris
Triple Stumper
    $1000 15
Intel

Triple Stumper
    $1000 2
(Elizabeth: What is the thyroid?)
(Fernando: What is the kidney?)
...
(Ken: Those are gallstones; that's [*].)

the gallbladder

ElizabethFernando
Triple Stumper
    $1000 11
an ally & to dally

Triple Stumper
    $1000 17
Aida

Cris

Scores at the first commercial break (after clue 15):

Cris Elizabeth Fernando
$4,000 -$1,200 -$800

Scores at the end of the Jeopardy! Round:

Cris Elizabeth Fernando
$6,000 $1,000 -$200

Double Jeopardy! Round responses

BIRTH OF AN ARTIST
MOVIE STUFF
STEP UP TO THE PLATE
QUICK! NOVELS!
6-SYLLABLE WORDS
"GO"ING PLACES
    $400 30
(Ken: Not from Vinci, apparently.)

Leonardo da Vinci

Cris
    $400 28
Fury Road

Fernando
    $400 29
license plates

Cris
    $400 2
Fight Club

Elizabeth
    $400 22
insubordination

Elizabeth
    $400 1
the Gobi Desert

Elizabeth
    $800 24
Frida Kahlo

Elizabeth
    $800 15
(Ken: It would've been a very different movie.)

(Eddie) Murphy

Cris
    $800 26
a tsunami

Fernando
    $800 3
The Book Thief

Cris
    $800 21
excommunication

Fernando
    $800 17
Goat Island

Elizabeth
    $1200 25
Basquiat

Cris
    $1200 12
fetch

Cris
    $1200 27
a blue plate special

Cris
    $1200 6
Doctor Zhivago

Cris
    $1200 20
an astrobiologist

Fernando
    $1200 9
Goshen

Elizabeth
    $2,800 7
(Mary) Cassatt

Cris
    $1600 11
Superfly

Fernando
    $4,000 13
a Stegosaurus

Cris
    $1600 5
The Kite Runner

Cris
    $1600 19
(Fernando: What is rationalize?)
(Ken: We needed the six syllable version, Fernando)

rationalization

ElizabethFernando
    $1600 8
the Golden Horn

Triple Stumper
    $2000 16
(Ken: Inventor of the mobile, yes.)

Calder

Cris
    $2000 10
(Ken: Uncut Gems and Hustle.)

Adam Sandler

Elizabeth
    $2000 23
flak jackets

Cris
    $2000 4
Little Fires Everywhere

Cris
    $2000 18
transcendentalism

Fernando
    $2000 14
Gothenburg (Göteborg)

Cris

Scores at the end of the Double Jeopardy! Round:

Cris Elizabeth Fernando
$29,600 $8,600 $5,000
(lock game)

[wagering suggestions for these scores]

Final Jeopardy! Round responses

20th CENTURY LEADERS
(Ken: [To Fernando] The British prime minister whose policy of appeasement with Nazi Germany had just failed utterly with the invasion of Poland.)
FernandoWho is Neville Chamberlain?
$615
ElizabethWho is Neville Chamberlain?
$1,401
CrisWho is Chamberlain
$8,221
Neville Chamberlain

Final scores:

Cris Elizabeth Fernando
$37,821 $10,001 $5,615
9-day champion: $313,323 2nd place: $2,000 3rd place: $1,000

Game dynamics:

Coryat scores:

Cris Elizabeth Fernando
$25,800 $8,600 $5,000
29 R
(including 3 DDs),
2 W
13 R,
2 W
12 R,
5 W

Combined Coryat: $39,400

[game clues] [game scores] [suggest correction]

Game tape date: 2022-08-10
The J! Archive is created by fans, for fans. Scraping, republication, monetization, and malicious use prohibited; this site may use cookies and collect identifying information. See terms. The Jeopardy! game show and all elements thereof, including but not limited to copyright and trademark thereto, are the property of Jeopardy Productions, Inc. and are protected under law. This website is not affiliated with, sponsored by, or operated by Jeopardy Productions, Inc. Join the discussion at JBoard.tv.